Arizona Counties - Statistics

General Stats
  • This quiz has been taken 216 times
  • The average score is 11 of 15
Answer Stats
Population Seat Area (Sq mi) Answer % Correct
4,657,594 Phoenix 9,224 Maricopa
92%
220,718 Yuma 5,519 Yuma
88%
110,148 Holbrook 9,951 Navajo
85%
64,201 St Johns 11,218 Apache
81%
146,338 Flagstaff 18,661 Coconino
81%
1,075,430 Tucson 9,189 Pima
79%
230,637 Kingman 13,470 Mohave
72%
54,194 Globe 4,796 Gila
71%
529,652 Florence 5,374 Pinal
71%
254,821 Prescott 8,128 Yavapai
67%
122,306 Bisbee 6,219 Cochise
66%
50,501 Nogales 1,238 Santa Cruz
64%
41,072 Safford 4,641 Graham
60%
17,021 Parker 4,513 La Paz
60%
9,500 Clifton 1,848 Greenlee
57%
No matching quizzes found
Score Distribution
Percent of People with Each Score
Percentile by Number Answered
Your Score History
You have not taken this quiz